000
00309nam a2200133Ia 4500
005
20251222155139.0
008
251222s9999||||xx |||||||||||||| ||spa||
082
_a
MEQ. 77
100
_a
LEON URIBE.
245
0
_a
Manual Para Examen FĂsico del Normal
250
_a
1ra. ed.
264
_b
CIB
942
_c
LIB
999
_c
39130
_d
39130